40 dní pěšky do Jeruzaléma : o pouti bez cukrové vaty /
Bez mapy a orientačního smyslu pěšky ušel 1 400 kilometrů napříč rozpálenou krajinou Turecka a Izraele, stanul pod Zdí nářků a prožil největší dobrodružství svého života. Jeho cesta je příběhem omylů, pozoruhodných setkání, puchýřů a opruzenin. Těšte se na vyprávění cynického kavárenského povaleče,...
Uloženo v:
| Hlavní autor: | |
|---|---|
| Médium: | E-kniha |
| Jazyk: | Czech |
| Vydáno: |
Brno :
BizBooks,
2015
|
| Vydání: | 1. vydání |
| Témata: | |
| Tagy: |
Žádné tagy |
| LEADER | 03688nam a2200793 i 4500 | ||
|---|---|---|---|
| 001 | 314070 | ||
| 003 | CZ PrSKC | ||
| 005 | 20260705062709.0 | ||
| 007 | ta | ||
| 008 | 151113s2015 xr a e 000 jacze | ||
| 015 | |a cnb002752882 | ||
| 020 | |a 9788026504276 |q (vázáno) | ||
| 035 | |a (OCoLC)934901375 | ||
| 040 | |a OLA001 |b cze |e rda | ||
| 043 | |a e-xr--- |a a-tu--- |a a-is--- | ||
| 045 | |a y1y1 | ||
| 072 | 7 | |a 913(5) |x Geografie Asie, reálie, cestování |2 Konspekt | |
| 072 | 7 | |a 929 |x Biografie |2 Konspekt | |
| 080 | |a 2-57-051 |2 MRF | ||
| 080 | |a 796.51+2-57 |2 MRF | ||
| 080 | |a 27-57:625.711.4/.7 |2 MRF | ||
| 080 | |a 2-522/-523 |2 MRF | ||
| 080 | |a 929 |2 MRF | ||
| 080 | |a 913(569.4) |2 MRF | ||
| 080 | |a 913(560) |2 MRF | ||
| 080 | |a (437.3) |2 MRF | ||
| 080 | |a (569.4) |2 MRF | ||
| 080 | |a (560) |2 MRF | ||
| 080 | |a (0:82-992) |2 MRF | ||
| 080 | |a (0:82-322.6) |2 MRF | ||
| 100 | 1 | |a Zibura, Ladislav, |d 1992- |7 ola2015893402 |4 aut | |
| 245 | 1 | 0 | |a 40 dní pěšky do Jeruzaléma : |b o pouti bez cukrové vaty / |c Ladislav Zibura |
| 246 | 3 | |a Čtyřicet dní pěšky do Jeruzaléma | |
| 250 | |a 1. vydání | ||
| 264 | 1 | |a Brno : |b BizBooks, |c 2015 | |
| 300 | |a 238 stran : |b ilustrace ; |c 22 cm | ||
| 336 | |a text |b txt |2 rdacontent | ||
| 337 | |a bez média |b n |2 rdamedia | ||
| 338 | |a svazek |b nc |2 rdacarrier | ||
| 520 | 2 | |a Bez mapy a orientačního smyslu pěšky ušel 1 400 kilometrů napříč rozpálenou krajinou Turecka a Izraele, stanul pod Zdí nářků a prožil největší dobrodružství svého života. Jeho cesta je příběhem omylů, pozoruhodných setkání, puchýřů a opruzenin. Těšte se na vyprávění cynického kavárenského povaleče, který vám svým laskavě nekorektním humorem dokáže, že poutník rozhodně nemusí být katolík, asketa ani nudný člověk. Nakladatelská anotace. | |
| 520 | 2 | |a Dvaadvacetiletý Ladislav Zibura v létě sbalil svůj život do 12 kilogramů, hodil batoh na záda a vypravil se po vlastních do Jeruzaléma. | |
| 600 | 1 | 7 | |a Zibura, Ladislav, |d 1992- |7 ola2015893402 |2 czenas |
| 648 | 7 | |a 2014 |7 ch967317 |2 czenas | |
| 648 | 7 | |a 2011-2020 |7 ch460589 |2 czenas | |
| 648 | 7 | |a 21. století |7 ch460559 |2 czenas | |
| 650 | 0 | 7 | |a poutníci |7 ph206892 |z Česko |y 21. století |2 czenas |
| 650 | 0 | 7 | |a putování |7 ph899498 |z Turecko |y 2011-2020 |2 czenas |
| 650 | 0 | 7 | |a putování |7 ph899498 |z Izrael |y 2011-2020 |2 czenas |
| 650 | 0 | 7 | |a poutní cesty |7 ph624358 |z Izrael |2 czenas |
| 650 | 0 | 7 | |a poutní místa |7 ph115843 |z Izrael |2 czenas |
| 650 | 0 | 9 | |a pilgrims |z Czechia |y 21st century |2 eczenas |
| 650 | 0 | 9 | |a wayfaring |z Turkey |y 2011-2020 |2 eczenas |
| 650 | 0 | 9 | |a wayfaring |z Israel |y 2011-2020 |2 eczenas |
| 650 | 0 | 9 | |a pilgrims' ways |z Israel |2 eczenas |
| 650 | 0 | 9 | |a pilgrimage places |z Israel |2 eczenas |
| 651 | 7 | |a Turecko |7 ge131143 |x reálie |2 czenas | |
| 651 | 7 | |a Izrael |7 ge129403 |x reálie |2 czenas | |
| 651 | 9 | |a Turkey |x description and travel |2 eczenas | |
| 651 | 9 | |a Israel |x description and travel |2 eczenas | |
| 655 | 7 | |a cestopisy |7 fd131956 |2 czenas | |
| 655 | 7 | |a autobiografické příběhy |7 fd131891 |2 czenas | |
| 655 | 9 | |a books of travels |2 eczenas | |
| 655 | 9 | |a autobiographical stories |2 eczenas | |
| 900 | |a ABA001 |b 19 | ||
| 928 | 9 | |a Albatros Media - BizBooks | |
| 044 | |a xr | ||
| 910 | |a RBIT002 | ||
| 998 | |d 170543 |a https://core.palmknihy.cz/api/books/170543/cover?tho5ti |b https://core.palmknihy.cz/api/books/170543/cover/400?tho5ti |c https://core.palmknihy.cz/api/books/170543/cover/50?tho5ti |e 2027-09-18 |g 240 |i 9788026504276 |j https://core.palmknihy.cz/api/books/170543/preview.epub |k https://core.palmknihy.cz/api/books/170543/preview.pdf |l |q 49 |r 1 |s https://www.palmknihy.cz/kniha/170543 |t ebook |y 2015 |z 0 | ||
| 999 | |d 314068 | ||